000 02412nam0a2200409 4500
001 RU\NLR\BIBL_A\012813420
005 20260407082236.0
010 _a978-5-89076-426-3
_91000
035 _a(NLR Aleph) 012813420
090 _a13216091
_c13216091
100 _a20220608d2022 |||y0rusy50 ca
101 0 _arus
102 _aRU
105 _aachbb 010zy
181 0 _ab3
_bxb2e
181 0 _ai1
_baxxe
182 0 _an
200 1 _aИстория в квадрате
_ecюжетные платки конца XVIII - начала XX века в собрании Исторического музея
_e[каталог]
_fО. Г. Гордеева, О. Е. Кузьменко
_gГосударственный исторический музей
203 _aИзображение
_aТекст
_bвизуальные
_cнепосредственные
_aТекст
210 _aМосква
_cФедеральное государственное бюджетное учреждение культуры "Государственный исторический музей"
_d2022
215 _a297, [2] с.
_cил., цв. ил., портр., факс., карты
_d24
300 _aНа обл. и суперобл. авт. не указаны
300 _aНа 1-й с.: 150 лет ГИМ
320 _aБиблиогр. в конце кн.
601 0 2 _aГосударственный исторический музей
_cМосква, город
_jКаталоги
_xКоллекция декоративно-прикладного искусства
_92139895
_3RU\NLR\AUTH\661594386
606 1 _aТекстильные изделия художественные русские
_jКаталоги
_z18 - 20 вв.
_92301426
_3RU\NLR\AUTH\6601604323
686 1 _aЩ101.3(2Р)-2Москва2Гос. истор. музей я26
686 1 _aЩ125.33(2Р=Рус)5я26
700 1 _7ca
_8rus
_aГордеева
_bО. Г.
_cисторик
_gОльга Георгиевна
_939841
_3RU\NLR\AUTH\7756909
701 1 _aКузьменко
_bО. Е.
_gОльга Евгеньевна
712 0 2 _4570
_aГосударственный исторический музей
_cМосква
_9288698
_3RU\NLR\AUTH\888178
942 _cBOOK
980 _aNB